Państwa śródlądowe – nagła śmierć - Statystyki

Ogólne statystyki
  • Ten quiz został rozwiązany 21 562 razy
  • Średni wynik to 10 z 23
Answers on the Grid
Answers color-coded by a green-red scale on the quiz's grid according to % correct below.
Afganistan
Azerbejdżan
Białoruś
Bhutan
Boliwia
Botswana
Bułgaria
Erytrea
Etiopia
Gambia
Gruzja
Węgry
Irak
Jordania
Kazachstan
Laos
Łotwa
Luksemburg
Mali
Mołdawia
Monako
Mongolia
Czarnogóra
Namibia
Nepal
Paragwaj
San Marino
Serbia
Słowacja
Słowenia
Sudan
Południowy
Szwajcaria
Uganda
Urugwaj
Zambia
 
Statystyki odpowiedzi
Odpowiedź % Poprawnych
Białoruś
81%
Afganistan
65%
Bhutan
64%
Węgry
62%
Boliwia
60%
Botswana
54%
Luksemburg
43%
Szwajcaria
43%
Etiopia
42%
Słowacja
41%
San Marino
40%
Mongolia
39%
Nepal
39%
Serbia
38%
Azerbejdżan
37%
Kazachstan
37%
Sudan
Południowy
36%
Mołdawia
31%
Paragwaj
31%
Mali
28%
Uganda
28%
Laos
25%
Zambia
24%
Nie znaleziono quizów pasujących do podanych kryteriów
Rozkład punktacji
Procent ludzi z każdym wynikiem
Percentyl według liczby udzielonych odpowiedzi
Twoja historia wyników
Nie rozwiązałeś tego quizu